Advanced graphics Programming in C and C++. / (Record no. 2435)

MARC details
000 -LEADER
fixed length control field 00761cam a22002292 4500
001 - CONTROL NUMBER
control field 0000004079
005 - DATE AND TIME OF LATEST TRANSACTION
control field 20151217145752.0
008 - FIXED-LENGTH DATA ELEMENTS--GENERAL INFORMATION
fixed length control field 070518s xx 000 0 eng d
020 ## - INTERNATIONAL STANDARD BOOK NUMBER
International Standard Book Number 817029228X :
Terms of availability KES 2,450
040 ## - CATALOGING SOURCE
Original cataloging agency KABU
Transcribing agency KABU
050 #0 - LIBRARY OF CONGRESS CALL NUMBER
Classification number QA76.73
Item number .C15S74
100 1# - MAIN ENTRY--PERSONAL NAME
Personal name Stevens, Roger T.
-- 0000154441
245 10 - TITLE STATEMENT
Title Advanced graphics Programming in C and C++. /
Statement of responsibility, etc. Roger T. Stevens and Christopher D. Watkins.
260 ## - PUBLICATION, DISTRIBUTION, ETC. (IMPRINT)
Place of publication, distribution, etc. New Delhi :
Name of publisher, distributor, etc. Manish Jain,
Date of publication, distribution, etc. 1993.
300 ## - PHYSICAL DESCRIPTION
Extent xv, 541 p.
650 #0 - SUBJECT ADDED ENTRY--TOPICAL TERM
Topical term or geographic name as entry element C (Computer program language)
-- 0000154432
650 #0 - SUBJECT ADDED ENTRY--TOPICAL TERM
Topical term or geographic name as entry element C++ (Computer program languages)
-- 0000154442
700 1# - ADDED ENTRY--PERSONAL NAME
Personal name Watkins, Christopher D.
-- 0000154443
908 ## - PUT COMMAND PARAMETER (RLIN)
Put command parameter 070518
950 ## - LOCAL HOLDINGS (RLIN)
-- 1
Holdings
Withdrawn status Lost status Source of classification or shelving scheme Not for loan Home library Current library Date acquired Total Checkouts Full call number Barcode Date last seen Price effective from Koha item type
    Library of Congress Classification   Kabarak, Main Campus Kabarak, Main Campus 17/12/2015   QA76.73 .C15S74 004165 17/12/2015 17/12/2015 General Collection
Designed with assistance from East African Informatics Ltd